[Event "Madrid Magistral 6th"]
[Site "Madrid"]
[Date "1997.05.29"]
[Round "7"]
[White "Shirov, Alexei"]
[Black "Salov, Valery"]
[Result "1-0"]
[WhiteElo "2690"]
[BlackElo "2665"]
[Annotator "Shirov,A"]
[PlyCount "57"]
[EventDate "1997.06.??"]
[EventType "tourn"]
[EventRounds "9"]
[EventCountry "ESP"]
[EventCategory "17"]
[SourceTitle "CBM 059"]
[Source "ChessBase"]
[SourceDate "1997.08.01"]
[SourceVersion "1"]
[SourceVersionDate "1997.08.01"]
[SourceQuality "1"]

1. e4 {Donev Finkel,A Mueller,Ka} d5 2. exd5 Qxd5 3. Nc3 Qa5 4. d4 Nf6 5. Nf3
c6 6. Bc4 Bf5 7. Bd2 e6 8. Nd5 (8. Ne4 Qd8 $140 9. Ng3 {Bologan} (9. Ng3 {Donev
} Bg6 10. h4 $14)) (8. Qe2 {Finkel,A}) 8... Qd8 9. Nxf6+ Qxf6 ({nach} 9... gxf6
{Mueller,Ka erreicht Weiß einen relativ günstigen Übergang zu Caro-Kann mit
5.. .gf6.}) (9... gxf6 $5 {Finkel,A}) 10. Qe2 $1 $146 {Finkel: Very typical
for a sharp Shirov's style.White has tried other moves in this position,but
did'nt achieve anything from the opening.Probably that's the reason why 8.Nd5
is cinsidered by modern theory as not so dangerous for black.May be the
following game will change the assesment of this variation. Mueller: Sehr
mutig gespielt. Die weiße Dame räumt die erste Reihe um 0-0-0 zu
ermöglichen, und gleichzeitig bereitet den Durchbruch d4-d5 vor.} (10. O-O Nd7
(10... Bg4 $5) 11. c3 Bd6 12. Bg5 Qg6 13. Qd2 h6 14. Bf4 Be7 15. Rfe1 O-O 16.
Bg3 $14 {Campora-Wolff (Buenos Aires 1997, sp 97/7)}) (10. c3 {Mueller,Ka} Nd7
11. Qb3 (11. Bg5 Qg6 12. Qd2 $2 (12. O-O) 12... h6 13. O-O-O hxg5 {0-1 Clement,
O-Prie,E/FRA-chT 1995/EXT 95ch}) (11. Be3 h6 12. Qd2 Be4 13. Be2 Bd6 14. O-O-O
b5 15. Ne1 Nb6 $11 {0-1 Szylar, E-Prie,E/Le Touquet op 1993/EXT 93op (32)})
11... Nb6 (11... O-O-O 12. O-O {[%emt 0:00:51] 1/2-1/2 Djurhuus,R-Westerinen,H/
Gausdal 1996/EXP}) 12. O-O-O Bd6 13. Be2 (13. Bg5 Qg6 14. h4 Nxc4) 13... O-O
14. Bg5 Qg6 15. h4 Bg4 {1/2-1/2 Donev, I-Bacrot,E/Biel Credis 1995/EXP 48 (40)}
(15... Bg4 {Finkel,A} 16. h5 (16. Ne5 Bxe5 17. Bxg4 Bf6 18. f4) (16. c4 c5 17.
h5 Qe4 18. Bd3 Qc6 19. d5 exd5 20. cxd5 Qc7 21. Rhe1) 16... Qe4 {[#]} 17. Bd3 (
17. Rh4 $1 Bf4+ 18. Bxf4 Qxf4+ 19. Rd2 $14) 17... Bf4+ 18. Kb1 Bxf3 19. Bxe4
Bxe4+ 20. Ka1 Bxg5 $15 {Donev, I-Bacrot,E/Biel Credis 1995 (40)})) (10. Ne5 {
Mueller,Ka} Nd7 (10... Bd6 11. Bc3 O-O 12. O-O Bxe5 13. dxe5 Qe7 14. Qe2 Nd7
15. Rad1 $14 {1/2-1/2 Vausser, P-Prie,E/FRA-chT 1994/TD 94\03 (40)} (15. Rad1
Nb6 16. Bb3 Nd5 $11 {Vausser, P-Prie,E/FRA-chT 1994 (40)})) 11. Nxd7 (11. Qe2
$6 Nxe5 12. dxe5 Qg6 13. f3 h5 {[%emt 0:00:34] 1/2-1/2 Schmittdiel,E-Van der
Werf,M/Wijk op 1993/CBM}) 11... Kxd7 (11... Qxd4 $5) 12. c3 Qg6 13. O-O Bd6 14.
Re1 h5 15. Bf1 h4 $11 {1-0 Emms,J-Haveland, B/Gausdal TM 1996/EXP 51 (27)} (
15... h4 {Finkel,A} 16. Qf3 $14 {Emms, J-Haveland,B/Gausdal Troll 1996 (27)}))
(10. Bg5 $2 {Mueller,Ka} Qg6 11. Qd2 $2 (11. O-O Bxc2 12. Qd2 h6 $15 (12... Be4
$4 13. Nh4 $18)) 11... h6 12. Qf4 hxg5 13. Qc7 Nd7 $19 {0-1 Schmitz,T-Hoffmann,
N/GER-chJ U20 1992/EXT 92ch (22)}) (10. Bc3 $5 {Finkel,A} Bg4 11. Be2 Qd8 12.
h3 Bh5 13. Qd2 Nd7 14. O-O-O Nf6 15. g4 Bg6 16. Ne5 $14 {Koch,J-Relange,E/
FRA-chT 1993/0-1 (70)}) 10... Bg4 (10... Bxc2 11. d5 $36 (11. Bc3 {Finkel,A}
Qg6 12. d5 cxd5 (12... Qe4 $6 13. dxe6 fxe6 14. Ng5 $1 Qxe2+ 15. Kxe2 Bf5 16.
Bxe6 $16) 13. Bxd5 Nc6 14. Ne5 Nxe5 15. Qxe5 Qf5 $1 (15... O-O-O $6 16. Bxb7+
$1 Kxb7 17. Qb5+ Kc7 $8 18. Ba5+ Kd6 19. O-O $1 (19. Bxd8 Qxg2 20. Kd2 Qxf2+
21. Kc3 Be4 22. Rad1+ Bd5 23. Rhe1 $13) 19... Ke7 (19... Rc8 $2 20. Qa6+ Rc6
21. Rad1+ $1 $18) 20. Bxd8+ Kxd8 21. Rac1 $16) 16. Bxb7 Qxe5+ 17. Bxe5 Rd8 18.
Bc6+ Ke7 19. O-O f6 20. Bc3 Kf7 21. Rac1 $14) (11. d5 $1 {Donev} Qxb2 12. O-O
$44)) (10... Nd7 11. d5 $36) 11. d5 Bxf3 $1 {Finkel: Again not accepting the
gift and this time probably in vain.After Mueller: Weiß hat schon die
Initiative errobern, als kleine kompensation hat nach dieser Abtausch Schwarz
bessere Bauernsruktur.Das könte von Bedeutung sein nur wen der Nachziehenden
bis zum Endspiel überlebt.} (11... Qxb2 $6 {Mueller,Ka} 12. O-O Bxf3 13. gxf3
cxd5 14. Bxd5 Nc6 15. Rab1 Qd4 $1 {Finkel: it's not so clear if an activity of
white pieces compensates for the lack of a pawn.} (15... Qxc2 16. Rxb7 Nd4 17.
Qe3 $40) 16. Bxc6+ bxc6 17. Qa6 $36) 12. gxf3 cxd5 (12... Qxb2 {Donev} 13. O-O
cxd5 14. Bxd5 Nc6 15. Rab1 Qxc2 16. Rxb7 Nd4 17. Qe3 Qc5 18. Qxd4 Qxd5 (18...
Qxd4 19. Bc6+ Kd8 20. Ba5+ Kc8 21. Rc7+ Kb8 22. Rb1+ Bb4 23. Rb7+ Kc8 24. R7xb4
$18) 19. Qxd5 exd5 20. Re1+ Kd8 21. Ba5+ Kc8 22. Rc7+ Kd8 23. Rxf7+ Kc8 24.
Re8#) 13. Bxd5 Nd7 $1 (13... Nc6 14. O-O-O Ba3 (14... Bd6 {Donev} 15. Bc3 $36)
15. c3 $16) 14. O-O-O (14. Bc3 $2 Bb4 $1 15. Bxb4 Qxb2) 14... Ba3 $1 (14...
O-O-O {Mueller,Ka} 15. Be4 $14 (15. Be4 {Finkel,A} Be7 16. Be3 $14)) 15. c3 O-O
(15... O-O-O {Finkel,A} 16. Bxb7+ Kxb7 17. Qe4+ Kb8 18. bxa3 e5 19. Kc2 $1 $16)
16. Be4 $1 (16. Bxb7 $6 {Finkel,A} Bxb2+ 17. Kxb2 Rab8 18. Qb5 Rxb7 (18... Qe7
$6 19. Bf4 Nc5 20. Bxb8 Rxb8 21. Ka1 $16) 19. Qxb7 Rb8 20. Qxb8+ Nxb8 21. Be3
$13) 16... Be7 $2 (16... Bc5 17. Be3 Bxe3+ 18. Qxe3 $14) 17. Bxh7+ $6 (17. Bxb7
Rab8 18. Be4 (18. Bc6 Ne5 19. Be4 Rfc8 $44) 18... Rfc8 $44) (17. h4 $1 h6 $8
18. Bg5 $1 hxg5 19. Bh7+ $3 (19. Rxd7 $2 gxh4) 19... Kh8 20. hxg5 Qxg5+ (20...
Qf4+ $1 21. Kb1 Rfd8 (21... Bxg5 22. Rxd7 Bh6 23. Bc2 $16) 22. Rd4 Qe5 (22...
Qxg5 23. f4 $18) 23. Bf5+ Kg8 24. Rdh4 Qxf5+ 25. Ka1 f6 26. g6 $18) 21. Kb1 Nf6
(21... Rfd8 22. f4 Qxf4 23. Rd4 Qg5 24. f4 Qc5 25. Qh2 $18) 22. Bc2+ Kg8 23.
Rdg1 Qf4 (23... Qd5 24. Qe3 $18) 24. Qf1 $3 g6 (24... Rfd8 25. Qh3 Kf8 26. Qh8+
Ng8 27. Rxg7 Ke8 28. Rg4 $18) 25. Qg2 Rfd8 (25... Ng4 26. Qh3 $1 Nh6 27. Bxg6
Bg5 28. Qh5 $18) 26. Bxg6 Bc5 27. Bxf7+ $1 Kxf7 (27... Kf8 28. Qg7+ Ke7 29. Re1
Kd7 30. Rxe6 $18) 28. Qg7+ Ke8 29. Rh8+ Ng8 30. Qxg8+ Kd7 (30... Ke7 31. Qh7+
Kd6 32. Rd1+ $18) 31. Rd1+ Bd6 32. Rh7+ Kc6 (32... Kc8 33. Qxe6+ Kb8 34. Qd5
$18) 33. Qxe6 Qe5 (33... Rab8 34. Rh6 {/\35.Rd4+-}) 34. Rxd6+ $1 Qxd6 35. Qc4+
Qc5 (35... Kb6 36. Qb3+ Kc5 37. Qb4+ Kd5 38. Qxb7+ $18) 36. Rc7+ Kxc7 37. Qxc5+
Kd7 38. f4 $18) 17... Kxh7 18. Qd3+ Kg8 19. Qxd7 {White has serious advantage
not just because he is a pawn up,but also because of the fact that he has some
attacking chances over the g-file.} b6 $1 20. Rhg1 Rad8 $1 21. Qxa7 (21. Qb7 $5
$16 {Finkel,A}) 21... Bc5 22. Be3 Ra8 23. Qb7 Rxa2 24. Qe4 $1 $14 Bxe3+ $6 $138
(24... Rfa8 $142) (24... Ba3 $2 {Mueller,Ka} 25. Bd4 Qh6+ 26. Qe3 $18) 25. fxe3
{Black can't use the fact that white king is a little bit exposed,because it
has very safe shelter on c2} b5 $2 (25... Rc8 $142 26. Qd4 Qxd4 27. exd4 Ra5 $1
) 26. Kc2 $16 b4 $138 (26... Rc8 27. Qd4 Qxd4 28. Rxd4 $16) (26... Ra4 27. Rd4
$16) (26... Raa8 $5 $16 {Finkel,A}) 27. Qxb4 Qf5+ (27... Qxf3 28. Kb3 $3 {Salov
} (28. Rxg7+ $2 Kxg7 29. Rg1+ Kf6 30. Qh4+ Ke5 31. Qd4+ Kf5 32. Qd3+ Ke5 $11)
28... Raa8 29. Rxg7+ Kxg7 30. Rg1+ Kf6 31. Qh4+ Ke5 32. Qd4+ Kf5 33. e4+ Kf4
34. Qf6+ Ke3 35. Re1+ Kd2 (35... Qe2 36. Qg5+ Kd3 37. Qb5+ $18) 36. Qxf3 Rfb8+
37. Kc4 Rc8+ 38. Kd4 Rd8+ 39. Ke5 $18) 28. Kb3 Raa8 $4 (28... Ra5 29. e4 (29.
Rxg7+ $2 Kxg7 30. Rg1+ Kh7 31. Qxf8 Rb5+ 32. Ka3 Ra5+ $11) 29... Qh5 30. Kc2
Rb5 (30... Qxh2+ 31. Rd2 Qxg1 32. Qxa5 $16 Qh1 $140 33. Rd8 $1) 31. Qd4 g6 $18)
29. Rxg7+ (29. Rxg7+ Kxg7 30. Rg1+ (30. Rg1+ {Mueller,Ka} Qg6 (30... Kh8 $2 31.
Qh4+ Qh7 32. Qf6+ Qg7 33. Qxg7#) 31. Rxg6+ fxg6 32. Qe4 $18)) (29. e4 $2 {
Mueller,Ka} Qxf3 30. Rd7 Qf4 $40) (29. Rd6 $2 {Mueller,Ka} Qxf3 30. Qg4 Rfb8+
31. Kc2 Qf2+ 32. Kd3 g6 $40) (29. Qe4 $2 {Mueller,Ka} Rfb8+ 30. Kc2 Qb5 31. Qb4
Qf5+ 32. Qe4 $11) 1-0

[Event "Eurasian Blitz Chess Cup"]
[Site "Almaty"]
[Date "2016.06.19"]
[Round "19"]
[White "Shoker, Samy"]
[Black "Dreev, Alexey"]
[Result "1-0"]
[WhiteElo "2489"]
[BlackElo "2664"]
[PlyCount "85"]
[EventDate "2016.06.18"]
[EventType "swiss (blitz)"]
[EventRounds "22"]
[EventCountry "KAZ"]
[SourceTitle "CBM 173 Extra"]
[Source "ChessBase"]
[SourceDate "2016.08.29"]
[SourceVersion "1"]
[SourceVersionDate "2016.08.29"]
[SourceQuality "1"]

1. Nf3 d5 2. g3 c6 3. Bg2 Bg4 4. h3 Bh5 5. c4 e6 6. cxd5 Bxf3 7. Bxf3 cxd5 8.
O-O Nc6 9. Bg2 Nf6 10. a3 Qb6 11. Nc3 Bd6 12. Na4 Qc7 13. d3 O-O 14. Be3 Rfc8
15. b4 b5 16. Nc5 a5 17. Qb3 Nd7 18. Rfc1 axb4 19. axb4 Rxa1 20. Rxa1 Nxb4 21.
Nxd7 Qxd7 22. Bd2 Nc2 23. Rb1 Nd4 24. Qd1 Rb8 25. e3 Nc6 26. e4 dxe4 27. Bxe4
Ne7 28. Bc3 b4 29. Bb2 Ng6 30. h4 Be5 31. Bxg6 Bxb2 32. Bxh7+ Kxh7 33. Rxb2 Qd4
34. Qb3 Kg8 35. Kg2 g6 36. Rc2 Ra8 37. Rc4 Qd5+ 38. Kh2 Ra1 39. Rc8+ Kg7 40.
Qb2+ e5 41. Qxa1 Qd6 42. Re8 f6 43. Qa7+ 1-0

[Event "RUS-ch blitz"]
[Site "Sochi"]
[Date "2016.10.04"]
[Round "17.1"]
[White "Dubov, Daniil"]
[Black "Artemiev, Vladislav"]
[Result "1-0"]
[WhiteElo "2648"]
[BlackElo "2663"]
[PlyCount "143"]
[EventDate "2016.10.04"]
[EventType "swiss (blitz)"]
[EventRounds "22"]
[EventCountry "RUS"]
[SourceTitle "EXT 2017"]
[Source "ChessBase"]
[SourceDate "2016.10.25"]
[SourceVersion "1"]
[SourceVersionDate "2016.10.25"]
[SourceQuality "1"]

1. d4 e6 2. Nf3 Nf6 3. Bf4 b6 4. e3 Bb7 5. Nbd2 d5 6. Bb5+ c6 7. Bd3 Nbd7 8.
O-O Be7 9. h3 O-O 10. c3 c5 11. Qb1 c4 12. Bc2 b5 13. b3 Ba6 14. b4 Bb7 15. a4
a5 16. bxa5 Qxa5 17. Qxb5 Qxc3 18. Bxh7+ Kxh7 19. Qxb7 Qa5 20. Rfb1 c3 21. Nb3
Qa6 22. Qxa6 Rxa6 23. Rc1 Ne4 24. a5 f6 25. Bh2 Rfa8 26. Ne1 Bb4 27. Nd3 Bxa5
28. f3 Nd2 29. Nxa5 Rxa5 30. Rxa5 Rxa5 31. Rxc3 Nc4 32. e4 Ndb6 33. Rc2 dxe4
34. fxe4 Ne3 35. Re2 Ra1+ 36. Re1 Rxe1+ 37. Nxe1 Nec4 38. Kf2 f5 39. exf5 exf5
40. Nd3 Nd5 41. Bf4 Kg6 42. Ne5+ Nxe5 43. Bxe5 Kf7 44. Kg3 g6 45. Kh4 Ne3 46.
Kg3 Nd5 47. Kf3 Ke6 48. Kf2 Kf7 49. Kg3 Ke6 50. Kh4 Ne3 51. g3 Nd5 52. Kg5 Kf7
53. h4 Ne3 54. Bf4 Nd5 55. h5 gxh5 56. Kxf5 Nc3 57. Kg5 Ke6 58. Kxh5 Kf5 59.
Be5 Nd5 60. g4+ Ke6 61. Kg6 Ne7+ 62. Kh6 Kf7 63. g5 Ng6 64. Bd6 Nh8 65. d5 Ng6
66. Bc5 Ne5 67. Kh5 Nd3 68. Bd6 Nf2 69. g6+ Kf6 70. Kh6 Ng4+ 71. Kh7 Kf5 72.
Be7 1-0

[Event "EU-ch rapid"]
[Site "Warsaw"]
[Date "2011.12.18"]
[Round "9"]
[White "Sjugirov, Sanan"]
[Black "Korobov, Anton"]
[Result "1-0"]
[WhiteElo "2622"]
[BlackElo "2660"]
[PlyCount "87"]
[EventDate "2011.12.17"]
[EventType "swiss (rapid)"]
[EventRounds "13"]
[EventCountry "POL"]
[SourceTitle "CBM 145 Extra"]
[Source "ChessBase"]
[SourceDate "2012.01.03"]
[SourceVersion "1"]
[SourceVersionDate "2012.01.03"]
[SourceQuality "1"]

1. e4 c5 2. Nf3 d6 3. c3 Nf6 4. Be2 Nbd7 5. d3 b6 6. Nbd2 Bb7 7. O-O e6 8. Re1
Qc7 9. Bf1 Rc8 10. b3 Be7 11. Bb2 O-O 12. Rc1 b5 13. c4 bxc4 14. dxc4 Rfd8 15.
Bd3 Ng4 16. Qe2 Bf6 17. Bxf6 Ngxf6 18. h3 Nb8 19. e5 dxe5 20. Nxe5 Nc6 21. Nxc6
Bxc6 22. Nf1 Rd4 23. Bc2 Rcd8 24. Qe5 Qa5 25. Red1 Nd7 26. Bxh7+ Kh8 27. Qg5
Rxd1 28. Rxd1 Kxh7 29. b4 Qc7 30. b5 Bb7 31. Qe7 Kg8 32. Ng3 Qc8 33. Nh5 Be4
34. Rd6 Bg6 35. Nf4 Bb1 36. a4 Ba2 37. Nd3 Bxc4 38. Ne5 Rf8 39. Rxd7 Bb3 40.
Nxf7 Kh7 41. Ng5+ Kg6 42. Qxg7+ Kf5 43. Nf3 Rg8 44. Qe5+ 1-0

[Event "Online Olym Top DivB 2021"]
[Site "chess.com INT"]
[Date "2021.09.08"]
[Round "3.4"]
[White "Bologan, V.."]
[Black "Bacrot, E.."]
[Result "1-0"]
[WhiteElo "2574"]
[BlackElo "2658"]
[PlyCount "49"]
[EventDate "2021.09.08"]
[EventType "team"]
[SourceVersionDate "2018.05.14"]
[WhiteTeam "Moldova"]
[BlackTeam "France"]
[WhiteTeamCountry "MDA"]
[BlackTeamCountry "FRA"]

1. d4 Nf6 2. c4 e6 3. Nf3 d5 4. Nc3 Be7 5. Bf4 O-O 6. e3 Nbd7 7. a3 c6 8. h3 b6
9. Rc1 Bb7 10. cxd5 exd5 11. Bd3 Re8 12. O-O Nf8 13. Ne5 Bd6 14. Bg3 c5 15. f4
cxd4 16. exd4 Ne6 17. Bh4 Nxd4 18. Bxh7+ Kxh7 19. Nxf7 Qe7 20. Nxd6 Qxd6 21.
Qxd4 Rac8 22. Rcd1 Ba6 23. Bxf6 gxf6 24. Rf2 Bb7 25. Ne4 1-0

[Event "Wch Blitz 8th"]
[Site "Dubai"]
[Date "2014.06.19"]
[Round "1"]
[White "Breckenridge, Steven James"]
[Black "Van Wely, Loek"]
[Result "1-0"]
[WhiteElo "2299"]
[BlackElo "2654"]
[PlyCount "111"]
[EventDate "2014.06.19"]
[EventType "swiss (blitz)"]
[EventRounds "21"]
[EventCountry "UAE"]
[SourceTitle "CBM 160 Extra"]
[Source "ChessBase"]
[SourceDate "2014.07.01"]
[SourceVersion "1"]
[SourceVersionDate "2014.07.01"]
[SourceQuality "1"]

1. e4 c5 2. c3 Nf6 3. e5 Nd5 4. d4 cxd4 5. Nf3 e6 6. Bc4 Nb6 7. Bb3 dxc3 8.
Nxc3 d5 9. exd6 Bxd6 10. O-O O-O 11. Qe2 Qe7 12. Rd1 Nc6 13. Bc2 Rd8 14. Bxh7+
Kxh7 15. Ng5+ Kg8 16. Qh5 Qf6 17. Nce4 Qg6 18. Qxg6 Bxh2+ 19. Kxh2 fxg6 20.
Rxd8+ Nxd8 21. Nd6 Bd7 22. Be3 Nd5 23. Bd2 Kf8 24. Re1 Ke7 25. Nde4 Rc8 26. Nc3
Bc6 27. Nf3 Nf7 28. Nd4 Nd8 29. Nxc6+ bxc6 30. Ne4 Rb8 31. b3 Rc8 32. Bg5+ Nf6
33. Nc5 Kf7 34. Rd1 Nd5 35. Re1 Rb8 36. Bxd8 Rxd8 37. Rxe6 Nf4 38. Rxc6 Rd2 39.
Rc7+ Kg8 40. Kg3 Ne2+ 41. Kg4 Nd4 42. Rxa7 Rxf2 43. g3 Nf5 44. Ne6 Rg2 45. Kf4
Rf2+ 46. Kg4 Re2 47. Nf4 Kh7 48. Nxe2 Ne3+ 49. Kf3 Nf5 50. Nf4 Nd4+ 51. Ke4 Nb5
52. Rd7 Nc3+ 53. Kd3 Nxa2 54. Rb7 Nc1+ 55. Kd2 Na2 56. Kc2 1-0

[Event "FRA-chT1"]
[Site "France"]
[Date "2002.??.??"]
[Round "11.1"]
[White "Tregubov, Pavel V"]
[Black "Nikolic, Predrag"]
[Result "1-0"]
[WhiteElo "2626"]
[BlackElo "2653"]
[PlyCount "93"]
[EventDate "2002.02.??"]
[EventType "team"]
[EventRounds "11"]
[EventCountry "FRA"]
[SourceTitle "EXT 2003"]
[Source "ChessBase"]
[SourceDate "2002.11.25"]
[SourceVersion "1"]
[SourceVersionDate "2002.11.25"]
[SourceQuality "1"]
[WhiteTeam "Clichy"]
[BlackTeam "Nice"]
[WhiteTeamCountry "FRA"]
[BlackTeamCountry "FRA"]

1. d4 Nf6 2. c4 e6 3. Nf3 b6 4. g3 Bb7 5. Bg2 Bb4+ 6. Bd2 Be7 7. Nc3 O-O 8. O-O
Na6 9. Rc1 Qc8 10. Bg5 d5 11. cxd5 exd5 12. Ne5 Rd8 13. Qb3 Qe6 14. Nd3 Qf5 15.
Bxf6 Bxf6 16. Nf4 c6 17. Rfd1 Bg5 18. e4 dxe4 19. Bxe4 Qf6 20. Bxh7+ Kxh7 21.
Ne4 Qf5 22. Nxg5+ Qxg5 23. Qxf7 Rab8 24. Ne6 Qf6 25. Nxd8 Qxd8 26. d5 Qe8 27.
Qf5+ Kg8 28. Re1 Qf7 29. Qxf7+ Kxf7 30. dxc6 Bc8 31. c7 Ra8 32. Rc4 g5 33. Rce4
Bf5 34. Re7+ Kf6 35. f3 g4 36. fxg4 Bxg4 37. R7e4 Bf5 38. Rf4 Kg6 39. Re5 Bb1
40. Re1 Bf5 41. Ref1 Bh3 42. Rc1 Rc8 43. Rc6+ Kg5 44. Rf7 Nc5 45. Rh7 Bg4 46.
h3 Be2 47. Re7 1-0

[Event "Qatar Masters op"]
[Site "Doha"]
[Date "2014.12.03"]
[Round "8"]
[White "Durarbayli, Vasif"]
[Black "Mamedov, Rauf"]
[Result "1-0"]
[WhiteElo "2621"]
[BlackElo "2652"]
[PlyCount "43"]
[EventDate "2014.11.26"]
[EventType "swiss"]
[EventRounds "9"]
[EventCountry "QAT"]
[SourceTitle "CBM 164"]
[Source "ChessBase"]
[SourceDate "2015.01.15"]
[SourceVersion "1"]
[SourceVersionDate "2015.01.15"]
[SourceQuality "1"]

1. e4 c5 2. Nf3 Nc6 3. Nc3 Nf6 4. Bb5 Qc7 5. O-O e6 6. Re1 Be7 7. e5 Nd5 8.
Nxd5 exd5 9. d4 cxd4 10. Bg5 Bb4 11. Re2 O-O 12. a3 Bc5 13. b4 Bb6 14. Bd3 Re8
15. Qd2 Ne7 16. Bxe7 Rxe7 17. Bxh7+ Kxh7 18. Qg5 Re6 19. Qf5+ Kg8 20. Ng5 Qd8
21. Qxf7+ Kh8 22. Qf5 1-0

[Event "Wch Blitz 9th"]
[Site "Berlin"]
[Date "2015.10.13"]
[Round "7"]
[White "Pavlidis, Antonios"]
[Black "Khairullin, Ildar"]
[Result "1-0"]
[WhiteElo "2522"]
[BlackElo "2652"]
[PlyCount "57"]
[EventDate "2015.10.13"]
[EventType "swiss (blitz)"]
[EventRounds "21"]
[EventCountry "GER"]
[SourceTitle "CBM 168 Extra"]
[Source "ChessBase"]
[SourceDate "2015.10.29"]
[SourceVersion "1"]
[SourceVersionDate "2015.10.29"]
[SourceQuality "1"]

1. e4 c5 2. Nf3 e6 3. d4 cxd4 4. Nxd4 Nc6 5. Nc3 Qc7 6. Be2 Nf6 7. O-O Be7 8.
Ndb5 Qb8 9. Be3 O-O 10. f4 d6 11. Kh1 b6 12. Qe1 Bb7 13. Bd3 a6 14. Nd4 b5 15.
a3 Nd7 16. Nb3 Nc5 17. Nxc5 dxc5 18. e5 c4 19. Be4 f5 20. exf6 Bxf6 21. Bc5 Re8
22. Rd1 Qc7 23. Qe3 Rad8 24. Rxd8 Qxd8 25. Qf3 Qc7 26. Bxh7+ Kxh7 27. Qh5+ Kg8
28. Qxe8+ Kh7 29. Rf3 1-0

[Event "Tata Steel-B 73rd"]
[Site "Wijk aan Zee"]
[Date "2011.01.21"]
[Round "6"]
[White "Li, Chao B"]
[Black "Hammer, Jon Ludvig"]
[Result "1-0"]
[WhiteElo "2649"]
[BlackElo "2647"]
[PlyCount "69"]
[EventDate "2011.01.14"]
[EventType "tourn"]
[EventRounds "13"]
[EventCountry "NED"]
[EventCategory "17"]
[SourceTitle "CBM 141"]
[Source "ChessBase"]
[SourceDate "2011.03.17"]
[SourceVersion "1"]
[SourceVersionDate "2011.03.17"]
[SourceQuality "1"]

1. d4 d5 2. c4 c6 3. Nf3 Nf6 4. Nc3 dxc4 5. a4 Bf5 6. Ne5 Nbd7 7. Nxc4 Qc7 8.
g3 e5 9. dxe5 Nxe5 10. Bf4 Nfd7 11. Bg2 f6 12. O-O g5 13. Bxe5 Nxe5 14. Ne3 Be6
15. Qc2 Rd8 16. b4 Qf7 17. Ne4 Bxb4 18. f4 gxf4 19. Rxf4 Be7 20. Raf1 O-O 21.
Ng5 fxg5 22. Rxf7 Rxf7 23. Rxf7 Bxf7 24. Be4 b6 25. Bxh7+ Kh8 26. Qf5 Bc5 27.
Qxe5+ Kxh7 28. Kg2 Re8 29. Qf6 Bb3 30. Nf5 Bf8 31. e4 c5 32. e5 Bd5+ 33. Kf2 c4
34. Nd6 Rb8 35. Ke3 1-0

[Event "Corsica KO"]
[Site "Corsica"]
[Date "2005.10.27"]
[Round "1.3"]
[White "Almasi, Zoltan"]
[Black "Milov, Vadim"]
[Result "1-0"]
[WhiteElo "2619"]
[BlackElo "2645"]
[PlyCount "63"]
[EventDate "2005.10.27"]
[EventType "k.o. (rapid)"]
[EventRounds "3"]
[EventCountry "FRA"]
[SourceTitle "EXT 2006"]
[Source "ChessBase"]
[SourceDate "2005.11.24"]
[SourceVersion "1"]
[SourceVersionDate "2005.11.24"]
[SourceQuality "1"]

1. e4 c5 2. Nf3 e6 3. d4 cxd4 4. Nxd4 a6 5. Bd3 Bc5 6. Nb3 Be7 7. Qg4 g6 8. Qe2
d6 9. Be3 Nd7 10. N1d2 b6 11. O-O-O Bb7 12. Kb1 Qc7 13. g4 Ngf6 14. f4 d5 15.
Bd4 Qxf4 16. Rdf1 Qh6 17. h4 g5 18. e5 Ng8 19. hxg5 Qg7 20. Nf3 Bd8 21. Nbd2
Ne7 22. c4 Ng6 23. Qe3 Bc7 24. cxd5 Bxd5 25. Be4 Ne7 26. Rc1 Rc8 27. Ka1 O-O
28. Rxh7 Qxh7 29. Bxh7+ Kxh7 30. Ne4 Bxe4 31. Qxe4+ Ng6 32. Qb7 1-0

[Event "CRO-chT"]
[Site "Sibenik"]
[Date "2007.10.13"]
[Round "1"]
[White "Sasikiran, Krishnan"]
[Black "Predojevic, Borki"]
[Result "1-0"]
[WhiteElo "2661"]
[BlackElo "2645"]
[PlyCount "69"]
[EventDate "2007.10.13"]
[EventType "team"]
[EventRounds "9"]
[EventCountry "CRO"]
[SourceTitle "EXT 2008"]
[Source "ChessBase"]
[SourceDate "2007.11.25"]
[SourceVersion "1"]
[SourceVersionDate "2007.11.25"]
[SourceQuality "1"]

1. d4 d5 2. c4 c6 3. Nf3 Nf6 4. e3 Bg4 5. Nc3 e6 6. h3 Bxf3 7. Qxf3 Nbd7 8. Bd3
Bd6 9. cxd5 exd5 10. g4 O-O 11. g5 Ne8 12. h4 Qe7 13. Bd2 f5 14. Qh3 Qe6 15.
O-O-O Bb4 16. Kb1 Bxc3 17. Bxc3 a5 18. f3 Nd6 19. Rhe1 Rfe8 20. Re2 Nf8 21. Qh2
b6 22. Be1 c5 23. Bg3 Rad8 24. dxc5 bxc5 25. Bxd6 Rxd6 26. e4 fxe4 27. Bxe4
Red8 28. Bxh7+ Kxh7 29. Rxe6 Nxe6 30. f4 Nd4 31. h5 Re8 32. f5 Nxf5 33. Qf4 g6
34. hxg6+ Kxg6 35. Rf1 1-0

[Event "Carlos Torre Memorial op 28th"]
[Site "Merida"]
[Date "2016.12.19"]
[Round "8"]
[White "Vera Siguenas, Deivy Anthoni"]
[Black "Cori Tello, Jorge Moise"]
[Result "1-0"]
[WhiteElo "2516"]
[BlackElo "2645"]
[PlyCount "89"]
[EventDate "2016.12.15"]
[EventType "swiss"]
[EventRounds "9"]
[EventCountry "MEX"]
[SourceTitle "CBM 176 Extra"]
[Source "ChessBase"]
[SourceDate "2017.03.02"]
[SourceVersion "1"]
[SourceVersionDate "2017.03.02"]
[SourceQuality "1"]

1. e4 c5 2. Nf3 d6 3. d4 cxd4 4. Nxd4 Nf6 5. Nc3 a6 6. Be2 e5 7. Nb3 Be7 8. Bg5
Be6 9. Bxf6 Bxf6 10. Qd3 Nc6 11. O-O-O Nd4 12. Nxd4 exd4 13. Nd5 Bxd5 14. exd5
O-O 15. Qf3 Re8 16. Bd3 Qa5 17. Kb1 Re5 18. g4 Rae8 19. a3 Qxd5 20. Qxd5 Rxd5
21. f4 Bh4 22. b4 b5 23. c4 dxc3 24. Bxh7+ Kxh7 25. Rxd5 g5 26. Rc1 Be1 27.
Rxg5 Bd2 28. Rc2 Re1+ 29. Ka2 Bxf4 30. Rf5 Bd2 31. Rxf7+ Kg6 32. Ra7 Kf6 33.
Rxa6 Ke5 34. a4 bxa4 35. b5 d5 36. b6 Kd6 37. Rxa4 Kc6 38. Rb4 Kb7 39. Rd4 Rh1
40. Rxd5 Rxh2 41. Rd6 Rg2 42. Rg6 Rg1 43. Kb3 Rb1+ 44. Kc4 Rb2 45. Rxc3 1-0